[Event "Poznan"]
[Site "Poznan"]
[Date "1986.??.??"]
[Round "10"]
[White "Blatny, Pavel"]
[Black "Nowak, Ignacy"]
[Result "1/2-1/2"]
[WhiteElo "2415"]
[BlackElo "2420"]

1.e4 c5 2.c3 Nf6 3.e5 Nd5 4.d4 cxd4 5.Nf3 Nc6 6.Bc4 Nb6 7.Bb3 d5 8.exd6 Qxd6
9.O-O Be6 10.Na3 Bxb3 11.Qxb3 Qd7 12.Rd1 d3 13.Be3 e6 14.Bxb6 axb6 15.Nc4 Na5
16.Nxa5 bxa5 17.Ne5 a4 18.Qc4 b5 19.Qe4 Qd5 20.Qxd5 exd5 21.Rxd3 f6 22.Nf3 b4
23.cxb4 Bxb4 24.Rd4 Be7 25.Rxd5 Kf7 26.Rad1 Ra7 27.Nd4 Rc8 28.g4 Rb7 29.b3 axb3
30.axb3 g6 31.Rd3 Rcc7 32.Kg2 Rb6 33.Kf3 Rcb7 34.h3 Bd6 35.Nc2 Be7 36.Na1 Ra6
37.Rd1 Ra2 38.R5d2 Rba7 39.Nc2 Rb7 40.Na1 Rba7 41.Rxa2 Rxa2 42.Rc1 Rb2 43.Kg2 f5
44.Rc7 fxg4 45.hxg4 h5 46.gxh5 gxh5 47.Nc2 Rxb3 48.Nd4 Rb1 49.Nc6 Re1 50.f3 Ke8
51.Nxe7 Rxe7 52.Rc5 Rh7 53.Kh3 Kf7 54.Kh4 Kg6 55.Rb5 Rh8  1/2-1/2

[Event "CSR-ch"]
[Site "Prague"]
[Date "1986.??.??"]
[Round "1"]
[White "Blatny, Pavel"]
[Black "Mokry, Karel"]
[Result "1-0"]
[WhiteElo "2415"]
[BlackElo "2490"]

1.e4 c5 2.c3 Nf6 3.e5 Nd5 4.d4 cxd4 5.Nf3 e6 6.cxd4 b6 7.Bd3 Ba6 8.O-O Qc8
9.a3 h6 10.Re1 Bxd3 11.Qxd3 Na6 12.Nbd2 Nac7 13.Ne4 Qa6 14.Qc2 Rc8 15.Bd2 Be7
16.Nd6+ Bxd6 17.exd6 Na8 18.Qb3 O-O 19.Ne5 f6 20.Nxd7 Rfd8 21.Qh3 Qb7 22.Qxe6+ Kh8
23.Rac1 Rxc1 24.Rxc1 Rxd7 25.Qe8+ Kh7 26.Rc8 Rxd6 27.Qh8+ Kg6 28.Rg8 Nac7
29.Qxg7+  1-0

[Event "CSR-ch"]
[Site "Prague"]
[Date "1986.??.??"]
[Round "9"]
[White "Nun, Jiri"]
[Black "Mokry, Karel"]
[Result "1/2-1/2"]
[WhiteElo "2405"]
[BlackElo "2490"]

1.e4 c5 2.c3 Nf6 3.e5 Nd5 4.d4 cxd4 5.Nf3 e6 6.cxd4 Nc6 7.a3 d6 8.Bd3 Be7
9.O-O O-O 10.Nc3 Nxc3 11.bxc3 dxe5 12.dxe5 Qc7 13.Qe2 Rd8 14.Re1 b6 15.h4 Bb7
16.Qc2 h6 17.Bh7+ Kh8 18.Be4 Rac8 19.Bd2 Na5 20.a4 Qc4 21.Bxb7 Nxb7 22.Re4 Qd3
23.Qxd3 Rxd3 24.Rd4 Rd8 25.Kf1 Bc5 26.Rxd3 Rxd3 27.Ke2 Rd7 28.c4 a5 29.Rb1 Rc7
30.Bc3 Nd8 31.Nd2 Nc6 32.f4 Kh7 33.h5 Bb4 34.Bxb4 axb4 35.Ne4 Ra7 36.Ra1 b3
37.Nd6 Rxa4 38.Rb1 f6 39.exf6 gxf6 40.Kd3 Na5 41.Ne4 Kg7 42.Nd2 e5 43.fxe5 fxe5
44.Kc3 Kf6 45.Rf1+ Kg5 46.Re1 Kf5 47.Rf1+ Ke6 48.Rf8 Ra2 49.Rh8 Kf5 50.Rxh6 Kg5
51.Re6 Kxh5 52.Rxe5+ Kg4 53.Nxb3 Nxc4 54.Kxc4 Rxg2 55.Re6 b5+ 56.Kd5 Rc2
57.Nd4 Rc8 58.Ke4 b4 59.Rg6+ Kh5 60.Rg1 b3 61.Nxb3  1/2-1/2

[Event "CSR-ch"]
[Site "Prague"]
[Date "1986.??.??"]
[Round "10"]
[White "Blatny, Pavel"]
[Black "Lechtynsky, Jiri"]
[Result "1/2-1/2"]
[WhiteElo "2415"]
[BlackElo "2445"]

1.e4 c5 2.c3 Nf6 3.e5 Nd5 4.d4 cxd4 5.Nf3 e6 6.cxd4 Nc6 7.Nc3 d6 8.Bd3 dxe5
9.dxe5 Ndb4 10.Be4 Qxd1+ 11.Kxd1 Bc5 12.a3 Nd5 13.Nxd5 exd5 14.Bxd5 O-O 15.Ke2 Rd8
16.Be4 Re8 17.Bxc6 bxc6 18.Be3 Ba6+ 19.Kd2 Rad8+ 20.Kc2 Bd3+ 21.Kc3 Bxe3
22.fxe3 Be2 23.b4 Rd3+ 24.Kc2 Rxe3 25.Rhe1 Re4 26.Nd4 R4xe5 27.Nxc6 Rc8 28.Kd2 Rxc6
29.Rxe2 Rc2+ 30.Kxc2 Rxe2+ 31.Kd3 Rxg2 32.Rc1 h5 33.Rc7 h4 34.Rxa7 Rxh2 35.b5 h3
36.Re7 Ra2 37.Kc4 Rxa3 38.b6 Ra8 39.Re3 h2 40.Rh3 g5 41.Rxh2 Kg7 42.Rb2 g4
43.Kd4 Kg6 44.Ke3 Kg5 45.b7 Rb8 46.Kf2 f5 47.Rb5 Kh4 48.Kg2 f4 49.Kf2 f3
50.Rb6 Kg5 51.Kg3 Kf5 52.Rb4  1/2-1/2

[Event "CSR-ch"]
[Site "Prague"]
[Date "1986.??.??"]
[Round "13"]
[White "Nun, Jiri"]
[Black "Stohl, Igor"]
[Result "1/2-1/2"]
[WhiteElo "2405"]
[BlackElo "2465"]

1.e4 c5 2.c3 Nf6 3.e5 Nd5 4.d4 cxd4 5.Nf3 Nc6 6.Bc4 Nb6 7.Bb3 d6 8.exd6 Qxd6
9.O-O Be6 10.Bxe6 Qxe6 11.Nxd4 Nxd4 12.Qxd4 Rd8 13.Qh4 Qe2 14.Nd2 g6 15.a4 Bg7
16.a5 Nc8 17.Qa4+ Rd7 18.Nf3 b5 19.Qb3 O-O 20.Re1 Qd3 21.a6 Rfd8 22.Be3 Nd6
23.Bd4 Qc4 24.Qxc4 Nxc4 25.b3 Nd6 26.Bxg7 Kxg7 27.Nd4 Rc8 28.Re3 Nf5 29.Nxf5+ gxf5
30.Re5 Rxc3 31.Rxb5 Rd2 32.h4 Rb2 33.Rb7 Rcc2 34.Rf1 Kf6 35.Rxa7 Rxb3 36.Ra8 Ra3
37.Rb1 Rc6 38.a7 Rc7 39.Rh8 Rcxa7 40.Rxh7 Kg6 41.Rh8 Ra1 42.Rxa1 Rxa1+ 43.Kh2 f4
44.Rg8+ Kh5 45.Rh8+ Kg6 46.f3 Ra5 47.Rg8+ Kh6 48.Rh8+  1/2-1/2

[Event "BCF-ch"]
[Site "Southampton"]
[Date "1986.??.??"]
[Round "3"]
[White "Agnos, Demetrios"]
[Black "Lawson, David"]
[Result "1/2-1/2"]
[WhiteElo "2255"]
[BlackElo "2200"]

1.e4 c5 2.c3 Nf6 3.e5 Nd5 4.d4 cxd4 5.Bc4 Nb6 6.Bb3 Nc6 7.Nf3 d6 8.exd6 Qxd6
9.O-O dxc3 10.Nxc3 Qxd1 11.Rxd1 Bg4 12.Nb5 Rc8 13.Be3 a6 14.Na7 Bxf3 15.gxf3 Nxa7
16.Bxb6 Nc6 17.Ba4 e6 18.Rd3 Be7 19.Rad1 O-O 20.Rd7 Bf6 21.Rxb7 Ne5 22.Kg2 Rc4
23.Rd4 Rc1 24.Rd1 Rc4 25.Rd4 Rc1 26.Rd1  1/2-1/2

[Event "Tirnavia"]
[Site "Trnava"]
[Date "1986.??.??"]
[Round "4"]
[White "Blatny, Pavel"]
[Black "Kurtenkov, Atanas"]
[Result "0-1"]
[WhiteElo "2415"]
[BlackElo "2455"]

1.e4 c5 2.c3 Nf6 3.e5 Nd5 4.d4 cxd4 5.Nf3 d6 6.Bc4 e6 7.cxd4 Nb6 8.Bd3 Nc6
9.a3 dxe5 10.dxe5 Nd7 11.Bf4 Be7 12.Qe2 Nc5 13.Bc2 Nd4 14.Nxd4 Qxd4 15.Bd2 Qxb2
16.Bc3 Qc1+ 17.Bd1 Bd7 18.O-O Qf4 19.Bc2 Bc6 20.Bd2 Qh4 21.Be3 O-O 22.f4 Nd7
23.Nc3 Bc5 24.Ne4 Bxe3+ 25.Qxe3 Qe7 26.Nd6 f5 27.Rfd1 Nb6 28.Bb3 Bd5 29.Rab1 Bxb3
30.Qxb3 Rad8 31.g3 Rd7 32.Rbc1 Nd5 33.Rc5 b6 34.Rcxd5 exd5 35.Qxd5+ Kh8 36.e6 Rc7
37.Nxf5 Qxa3 38.Kg2 Rc5 39.Qd8 Rxf5 40.e7 h6 41.e8=Q Rxe8 42.Qxe8+ Rf8 43.Qe5 Qa2+
44.Kh3 Qf7 45.Rd5 Re8 46.Qd4 Qe6+ 47.Kh4 Qe2 48.Kh3 Qe4 49.Qd2 a5 50.Rb5 Qc6
51.Qb2 Re6 52.Rf5 Qc8 53.g4 Re3+ 54.Kh4 Qd8+ 55.g5 Qd3 56.Rf8+ Kh7 57.Qg2 hxg5+
58.Kg4 Qe2+ 59.Qxe2 Rxe2 60.Rb8 gxf4 61.Rxb6 Rxh2 62.Ra6 Ra2 63.Kxf4 g6 64.Kg5 Rg2+
65.Kh4 Rh2+ 66.Kg4 Rh5 67.Ra8 Rb5 68.Rc8 Kg7 69.Ra8 g5 70.Ra6 Kf7 71.Rh6 Ke7
72.Rh7+ Kf6 73.Rh6+ Kg7 74.Rd6 Kf7 75.Rh6 Rc5 76.Rd6 Ke7 77.Rd4 Ke6 78.Ra4 Kd6
79.Ra1 Kc6 80.Rb1 Rd5 81.Kf3 Re5 82.Rb8 a4 83.Rb4 Ra5 84.Ke4 a3 85.Rb1 a2
86.Ra1 Ra3 87.Kd4 Kb5  0-1

[Event "Tirnavia-B"]
[Site "Trnava"]
[Date "1986.??.??"]
[Round "7"]
[White "Miniboeck, Guenter"]
[Black "Lanka, Zigurds"]
[Result "0-1"]
[WhiteElo "2250"]
[BlackElo "2370"]

1.e4 c5 2.c3 Nf6 3.e5 Nd5 4.d4 cxd4 5.Nf3 Nc6 6.Bc4 Nb6 7.Bb3 d5 8.exd6 dxc3
9.Nxc3 exd6 10.Ng5 d5 11.Nxd5 Nxd5 12.Bxd5 Bb4+ 13.Kf1 O-O 14.Qh5 Bf5 15.Bxf7+ Kh8
16.Bf4 Qd3+ 17.Kg1 Nd4 18.g3 Be4 19.Nxe4 Rxf7 20.Qxf7 Qxe4 21.h4 Nf3+ 22.Kf1 Ng5
23.hxg5 Qxh1+ 24.Ke2 Qxa1 25.Be5 Qe1+  0-1

[Event "Aarhus-D"]
[Site "Aarhus"]
[Date "1987.??.??"]
[Round "1"]
[White "Brautsch, Soren"]
[Black "Aagaard, Michael"]
[Result "0-1"]
[WhiteElo "2200"]
[BlackElo "2200"]

1.e4 c5 2.c3 Nf6 3.e5 Nd5 4.d4 cxd4 5.Nf3 e6 6.Bc4 Nb6 7.Bb3 dxc3 8.Nxc3 d5
9.exd6 Bxd6 10.O-O O-O 11.Qe2 Qe7 12.Rd1 Nc6 13.Bc2 Rd8 14.Bxh7+ Kxh7 15.Ng5+ Kg6
16.h4 f5 17.h5+ Kh6 18.Nge4+ Kh7 19.Bg5 Qf8 20.Bxd8 fxe4 21.Qxe4+ Kg8 22.Bxb6 axb6
23.h6 Bc5 24.Rd3 Qxf2+ 25.Kh1 Qf5 26.Rg3 Qh5+ 27.Rh3 Qf5 28.h7+ Kh8 29.Rd1 e5
30.Rh2 Be6 31.Qxf5 Bxf5 32.a3 Rd8 33.Rxd8+ Nxd8 34.Nd5 Bxh7 35.Rh5 Nf7 36.b4 Bd4
37.Nc7 e4 38.Ne6 Bf6 39.Kg1 Kg8 40.Kf1 g5 41.g4 Bg6 42.Rh3 Ne5 43.Rg3 Kf7
44.Nc7 Nd3 45.Nd5 Bd4 46.Ne3 Ke6 47.Ke2 Be5  0-1

[Event "Aarhus-D"]
[Site "Aarhus"]
[Date "1987.??.??"]
[Round "6"]
[White "Brautsch, Soren"]
[Black "Olesen, Niels H"]
[Result "1-0"]
[WhiteElo "2200"]
[BlackElo "2200"]

1.e4 c5 2.c3 Nf6 3.e5 Nd5 4.d4 cxd4 5.Nf3 e6 6.Bc4 Nb6 7.Bb3 Nc6 8.O-O d5
9.exd6 Bxd6 10.cxd4 O-O 11.Re1 Nd5 12.Nc3 h6 13.Bc2 Ncb4 14.Bb1 Nxc3 15.bxc3 Nd5
16.Qd3 Nf6 17.Ne5 Bxe5 18.Rxe5 Re8 19.g4 g6 20.Qh3 Nd7 21.Re1 Qf6 22.Bxh6 Nb6
23.Qg3 Bd7 24.Bf4 Bc6 25.g5 Qh8 26.Be4 Nd7 27.Bxc6 bxc6 28.Rab1 Qg7 29.Be5 Qh7
30.Re4 Qh5 31.Rh4 Qd1+ 32.Kg2  1-0

[Event "Andorra zt"]
[Site "Andorra"]
[Date "1987.??.??"]
[Round "?"]
[White "Magalotti, Andrea"]
[Black "Fernandes, Antonio"]
[Result "0-1"]
[WhiteElo "2205"]
[BlackElo "2400"]

1.e4 c5 2.c3 Nf6 3.e5 Nd5 4.d4 e6 5.Nf3 cxd4 6.Bc4 Nb6 7.Bb3 dxc3 8.Nxc3 d5
9.exd6 Bxd6 10.O-O O-O 11.Qe2 Nc6 12.Rd1 Qe7 13.Be3 h6 14.Rac1 Rd8 15.Ne4 Nd5
16.Nxd6 Qxd6 17.Bc5 Qf4 18.Nd4 Na5 19.g3 Qf6 20.Ba4 e5 21.b4 exd4 22.bxa5 Nc3
23.Rxc3 dxc3 24.Bd4 Rxd4 25.Qe8+ Kh7 26.Bc2+ Bf5 27.Qxa8 Bxc2 28.Rxd4 Qxd4
29.Qxb7 Be4  0-1

[Event "Wch U20"]
[Site "Baguio"]
[Date "1987.??.??"]
[Round "?"]
[White "Sevillano, Enrico"]
[Black "Bern, Ivar"]
[Result "0-1"]
[WhiteElo "2315"]
[BlackElo "2275"]

1.e4 c5 2.c3 Nf6 3.e5 Nd5 4.d4 cxd4 5.Nf3 Nc6 6.cxd4 d6 7.Be2 e6 8.O-O Be7
9.a3 dxe5 10.dxe5 Bd7 11.Bd3 Qb6 12.b4 Nd4 13.Bb2 Nxf3+ 14.Qxf3 Bb5 15.Bxb5+ Qxb5
16.Nc3 Nxc3 17.Qxc3 O-O 18.f4 Rac8 19.Qg3 Rc2 20.Bd4 Rd8 21.Rad1 a5 22.f5 exf5
23.e6 f6 24.Bf2 Re8 25.bxa5 Qxa5 26.Qb3 Re2 27.Rfe1 Rxe1+ 28.Rxe1 Bc5 29.Rd1 Bxf2+
30.Kxf2 Qc5+ 31.Kf1 Qe7 32.Re1 h6 33.a4 Rc8 34.a5 Rc6 35.Qd5 g6 36.Qd7 Kf8
37.a6 Rxa6 38.Qc8+ Qe8 39.e7+ Kf7 40.Qxb7 Re6 41.Qd5 Qxe7 42.Rb1 Qd6 43.Rb7+ Kf8
44.Rb8+ Qxb8 45.Qxe6 Qf4+ 46.Kg1 Qe5 47.Qc8+ Qe8 48.Qc5+ Qe7 49.Qc8+ Kg7
50.Kf2 f4 51.Kf1 h5 52.Qb8 g5 53.Qc8 Qa7 54.Qf5 h4 55.h3 Qd4 56.Qc8 Qd3+
57.Kg1 Qe3+ 58.Kf1 Qe7 59.Kf2 Qf7 60.Qf5 Qb7 61.Kf1 Qc6 62.Kf2 Qb6+ 63.Kf1 Qc6
64.Kf2 Kf7 65.Qh7+ Ke6 66.Qg8+ Ke5 67.Qb8+ Kf5 68.Qb1+ Qe4 69.Qb5+ Kg6 70.Qb8 Qe6
71.Qa8 Qe3+ 72.Kf1 Qe6 73.Kf2 f5 74.Qb8 Qe3+ 75.Kf1 Qe6 76.Qc7 Qa6+ 77.Kf2 Qa2+
78.Kf1 Qa1+ 79.Kf2 Qa2+ 80.Kf1 Qe6 81.Qb8 f3 82.gxf3 f4 83.Kg2 Qe2+ 84.Kg1 Qe1+
85.Kg2 Qg3+ 86.Kf1 Qxh3+ 87.Ke1 Qg3+ 88.Kd2 Qf2+  0-1

[Event "Banja Luka"]
[Site "Banja Luka"]
[Date "1987.??.??"]
[Round "2"]
[White "Mihaljcisin, Mihajlo"]
[Black "Matulovic, Milan"]
[Result "1/2-1/2"]
[WhiteElo "2280"]
[BlackElo "2485"]

1.e4 c5 2.c3 Nf6 3.e5 Nd5 4.d4 cxd4 5.Nf3 Nc6 6.Bc4 Nb6 7.Bb3 d5 8.exd6 Qxd6
9.O-O Be6 10.Bxe6 Qxe6 11.Nxd4 Nxd4 12.Qxd4 Rd8 13.Qf4 Qc6  1/2-1/2

[Event "Bayern-ch"]
[Site "Bayern"]
[Date "1987.??.??"]
[Round "?"]
[White "Schmidt, Gerhardt"]
[Black "Wachinger, Guenther"]
[Result "1/2-1/2"]
[WhiteElo "2260"]
[BlackElo "2285"]

1.e4 c5 2.c3 Nf6 3.e5 Nd5 4.d4 cxd4 5.Nf3 Nc6 6.Bc4 Nb6 7.Bb3 d5 8.exd6 Qxd6
9.O-O Be6 10.Na3 Bxb3 11.Qxb3 e6 12.Nb5 Qd8 13.Nbxd4 Qd5 14.Nxc6 bxc6 15.Rd1 Qh5
16.Be3 Bc5 17.Nd4 Bxd4 18.Bxd4 O-O 19.Bxb6 Rab8 20.Qc4 Rxb6 21.b4 Qb5 22.Qxb5 cxb5
23.a4 a6 24.axb5 axb5 25.h3 g6 26.Rd7 Rc6 27.Ra5 Rxc3 28.Rxb5 Rc1+ 29.Kh2 Rc2
30.Kg3 Kg7 31.Rbb7 h5 32.h4 Kf6 33.b5 Rb2 34.b6 Rb3+ 35.f3 Rb2 36.Rdc7 g5
37.hxg5+ Kxg5 38.Rxf7 Rxf7 39.Rxf7 Rxb6 40.Rg7+ Kf6 41.Rg8 Rb4  1/2-1/2

[Event "Belgrade (Women)"]
[Site "Belgrade"]
[Date "1987.??.??"]
[Round "7"]
[White "Bojkovic, Natasa"]
[Black "Litinskaya, Marta I"]
[Result "0-1"]
[WhiteElo "2215"]
[BlackElo "2415"]

1.e4 c5 2.c3 Nf6 3.e5 Nd5 4.d4 cxd4 5.Nf3 d6 6.cxd4 Nc6 7.Be2 Bf5 8.O-O e6
9.Qb3 Qb6 10.Qxb6 Nxb6 11.Nc3 a6 12.Rd1 d5 13.Nh4 Bc2 14.Rd2 Be7 15.Nf3 Bf5
16.Rd1 h6 17.a3 O-O 18.b4 Rfc8 19.Bb2 Nb8 20.Bd3 Bg4 21.Ne2 N8d7 22.h3 Bxf3
23.gxf3 Na4 24.Ra2 Nxb2 25.Rxb2 Nb6 26.f4 g6 27.Rc1 Rxc1+ 28.Nxc1 Rc8 29.Ne2 Kf8
30.Kf1 Ke8 31.Ke1 Kd7 32.Kd2 Nc4+ 33.Bxc4 Rxc4 34.Rc2 Kc6 35.Kd3 b5 36.Rc3 Bh4
37.Ng3 Kb6 38.Rxc4 dxc4+ 39.Ke4 a5 40.Ke3 axb4 41.axb4 Be7 42.Kd2 Bxb4+ 43.Kc2 Kc6
44.Ne2 Be1 45.f3 b4  0-1

[Event "Budel zt"]
[Site "Budel"]
[Date "1987.??.??"]
[Round "?"]
[White "Wians, Camille"]
[Black "Kouatly, Bachar"]
[Result "0-1"]
[WhiteElo "2200"]
[BlackElo "2440"]

1.e4 c5 2.c3 Nf6 3.e5 Nd5 4.d4 cxd4 5.Nf3 e6 6.cxd4 b6 7.a3 Be7 8.Bd3 Ba6
9.Bxa6 Nxa6 10.O-O O-O 11.Nbd2 f5 12.exf6 gxf6 13.Ne4 Kh8 14.Ne1 Rg8 15.Nd3 Rc8
16.Qa4 Nac7 17.Bd2 Qe8 18.Ng3 a5 19.Rfe1 Rg4 20.Re4 Rxe4 21.Nxe4 f5 22.Ng3 d6
23.Qd1 Bf6 24.Ne2 Nb5 25.Bf4 Rc4 26.b3 Rc8 27.Rc1 Nxf4 28.Ndxf4 Nxa3 29.d5 e5
30.Ne6 Nb5 31.h3 e4 32.Ng3 Nc3 33.Qd2 Qg6 34.Nf4 Qg5 35.h4 Qg4 36.h5 Be5
37.Nfe2 Nxe2+ 38.Nxe2 Rxc1+ 39.Qxc1  0-1

[Event "Coimbatore"]
[Site "Coimbatore"]
[Date "1987.??.??"]
[Round "?"]
[White "Hegde, Ravi Gopal"]
[Black "Geller, Efim P"]
[Result "1/2-1/2"]
[WhiteElo "2345"]
[BlackElo "2515"]

1.e4 c5 2.c3 Nf6 3.e5 Nd5 4.d4 cxd4 5.Nf3 Nc6 6.Bc4 Nb6 7.Bb3 d5 8.exd6 Qxd6
9.Na3 Be6 10.Nb5 Qd7 11.Nbxd4 Bxb3 12.Qxb3 Nxd4 13.Nxd4 e6 14.Bg5 Be7 15.Bxe7 Qxe7
16.Qb5+ Qd7 17.Qxd7+ Kxd7 18.O-O-O Ke7 19.b3 Rhd8 20.c4 Rac8 21.Kb2 a6  1/2-1/2

[Event "Copenhagen op"]
[Site "Copenhagen"]
[Date "1987.??.??"]
[Round "8"]
[White "Van Mil, Johannes A J"]
[Black "Iskov, Gert"]
[Result "1-0"]
[WhiteElo "2395"]
[BlackElo "2330"]

1.e4 c5 2.c3 Nf6 3.e5 Nd5 4.d4 cxd4 5.Nf3 e6 6.cxd4 d6 7.Bc4 Nb6 8.Bd3 Nc6
9.O-O Be7 10.Nc3 O-O 11.Qe2 dxe5 12.dxe5 Nd4 13.Nxd4 Qxd4 14.Rd1 Qh4 15.Be4 Rd8
16.g3 Qh3 17.Rxd8+ Bxd8 18.Nb5 Nd7 19.Bf4 g5 20.Bg2 Qh6 21.Bd2 Qg7 22.Bc3 Bb6
23.Rd1 Nf8 24.Nd6 Bd7 25.Bxb7 Rb8 26.Bg2 Kh8 27.Qh5 Be8 28.Qg4 h6 29.a4 a5
30.Qe4 Bd7 31.Rd2 Bc5 32.Nb7 Bb4 33.Bxb4 axb4 34.a5 Bb5 35.Bf1 Bxf1 36.Kxf1 Ng6
37.a6 Kh7 38.Rd8  1-0

[Event "Gausdal Int"]
[Site "Gausdal"]
[Date "1987.??.??"]
[Round "?"]
[White "Hansen, Mads Smith"]
[Black "Cramling, Pia"]
[Result "0-1"]
[WhiteElo "2305"]
[BlackElo "2445"]

1.e4 c5 2.c3 Nf6 3.e5 Nd5 4.d4 cxd4 5.Nf3 e6 6.cxd4 b6 7.Nc3 Nxc3 8.bxc3 Qc7
9.Bd2 Bb7 10.Bd3 d6 11.O-O Nd7 12.Re1 dxe5 13.Nxe5 Nxe5 14.Rxe5 Bd6 15.Rh5 g6
16.Bb5+ Kf8 17.Rh3 Rc8 18.Bh6+ Kg8 19.Qd2 a6 20.Bf1 f6 21.Be3 Qxc3 22.Qd1 Qc2
23.Qe1 Qf5 24.Rb1 Bc7 25.Qb4 Kf7 26.Rc1 h5  0-1

[Event "Young Men"]
[Site "Gausdal"]
[Date "1987.??.??"]
[Round "?"]
[White "Hansen, Mads Smith"]
[Black "Jansa, Vlastimil"]
[Result "0-1"]
[WhiteElo "2305"]
[BlackElo "2445"]

1.e4 c5 2.c3 Nf6 3.e5 Nd5 4.d4 cxd4 5.Nf3 e6 6.cxd4 b6 7.Nc3 Nxc3 8.bxc3 Qc7
9.Bd2 d6 10.Bd3 Nd7 11.O-O dxe5 12.dxe5 Bb7 13.Re1 Be7 14.Qe2 O-O 15.Nd4 Rfd8
16.h4 Nc5 17.Bc2 Rd5 18.f4 Rad8 19.Rad1 Ba6 20.Qf3 Bc4 21.h5 Bxa2 22.f5 exf5
23.Qxf5 g6 24.Qg4 Rxd4 25.cxd4 Ne6 26.Be4 Rxd4 27.hxg6 hxg6 28.Qf3 Bc5 29.Be3 Ng5
30.Bxd4 Nxf3+ 31.Bxf3 Bxd4+ 32.Rxd4 Qc5 33.Rd1 Bb3 34.Rd2 Qxe5 35.Rd8+ Kg7
36.Kh1 a5 37.Re2 Qa1+ 38.Kh2 a4 39.Bd5 Qd1 40.Re5 Qd4  0-1

[Event "Halle (Women)"]
[Site "Halle"]
[Date "1987.??.??"]
[Round "11"]
[White "Jahn, Constanze"]
[Black "Baumstark, Gertrude"]
[Result "1/2-1/2"]
[WhiteElo "2200"]
[BlackElo "2225"]

1.e4 c5 2.c3 Nf6 3.e5 Nd5 4.d4 cxd4 5.Nf3 Nc6 6.Bc4 Nb6 7.Bb3 d6 8.exd6 Qxd6
9.O-O Be6 10.Bxe6 Qxe6 11.Nxd4 Qd7 12.Nxc6 Qxc6 13.Qg4 h5  1/2-1/2

[Event "Hamburg HSV"]
[Site "Hamburg"]
[Date "1987.??.??"]
[Round "?"]
[White "Fette, Martin"]
[Black "Michaelsen, Nils"]
[Result "1-0"]
[WhiteElo "2305"]
[BlackElo "2205"]

1.e4 c5 2.c3 Nf6 3.e5 Nd5 4.d4 cxd4 5.Nf3 e6 6.cxd4 Nc6 7.Bd3 d6 8.O-O Be7
9.Nc3 Nxc3 10.bxc3 dxe5 11.dxe5 b6 12.Qa4 Qc7 13.Nd4 Bd7 14.Nb5 Qb7 15.Be4 O-O
16.Rd1 Rad8 17.Be3 f5 18.exf6 Bxf6 19.Rd2 Qc8 20.Nd6 Qc7 21.Qc2 h6 22.Rad1 Ne5
23.Bf4 Kh8 24.Nb7 Rc8 25.Rxd7 Qxd7 26.Rxd7 Nxd7 27.c4 b5 28.Nd6 Rc5 29.Nxb5 Rfc8
30.Nxa7  1-0

[Event "FIN-ch"]
[Site "Helsinki"]
[Date "1987.??.??"]
[Round "?"]
[White "Valkesalmi, Kimmo"]
[Black "Kivisto, Mikko"]
[Result "1-0"]
[WhiteElo "2390"]
[BlackElo "2355"]

1.e4 c5 2.c3 Nf6 3.e5 Nd5 4.d4 cxd4 5.Nf3 Nc6 6.Bc4 Nb6 7.Bb3 d5 8.exd6 Qxd6
9.O-O Bf5 10.Nxd4 Nxd4 11.cxd4 Bxb1 12.Rxb1 e6 13.Qf3 Nd5 14.Ba4+ Ke7 15.Re1 Rd8
16.Bg5+ f6 17.Bd2 Kf7 18.Re4 Qa6 19.Bb3  1-0

[Event "Jakarta zt"]
[Site "Jakarta"]
[Date "1987.??.??"]
[Round "?"]
[White "Antonio, Rogelio Jr"]
[Black "Takemoto, Hiroshi"]
[Result "1-0"]
[WhiteElo "2310"]
[BlackElo "2210"]

1.e4 c5 2.c3 Nf6 3.e5 Nd5 4.d4 cxd4 5.Nf3 e6 6.Bc4 Nb6 7.Bb3 d6 8.exd6 Nc6
9.cxd4 Bxd6 10.O-O O-O 11.Qe2 Qf6 12.Rd1 Nd5 13.Nc3 Nxc3 14.bxc3 e5 15.Bg5 Qg6
16.dxe5 Bc7 17.Bf4 Bg4 18.Bg3 Bxe5 19.Bxe5 Nxe5 20.Nxe5 Bxe2 21.Nxg6 hxg6
22.Rd7 Ba6 23.Re1 Rac8 24.Re3 b6 25.Rxa7 Bc4 26.Rb7 Bxb3 27.axb3 Rc6 28.h4 Rd8
29.Rf3 f5 30.Re3 Kh7 31.Ree7 Rg8 32.c4 Kh6 33.Kh2 g5 34.hxg5+ Kxg5 35.Rxg7+ Rxg7
36.Rxg7+ Kf4 37.Rd7 Rh6+ 38.Kg1 Ke4 39.Rd5 f4 40.Kf1 f3 41.gxf3+ Kxf3 42.Rd3+ Ke4
43.Ke2  1-0

[Event "URS-FL"]
[Site "Kursk"]
[Date "1987.??.??"]
[Round "?"]
[White "Panchenko, Alexander N"]
[Black "Khasin, Alexander"]
[Result "1/2-1/2"]
[WhiteElo "2455"]
[BlackElo "2410"]

1.e4 c5 2.c3 Nf6 3.e5 Nd5 4.d4 cxd4 5.Nf3 Nc6 6.Bc4 Nb6 7.Bb3 d5 8.exd6 Qxd6
9.O-O Be6 10.Bxe6 Qxe6 11.Nxd4 Nxd4 12.Qxd4 Rd8 13.Qh4 Qe2 14.Bd2 Qc4 15.Qg3 Qd3
16.Qh4 Qc4 17.Qg3 Qd3 18.Qh4  1/2-1/2

[Event "Lloyds Bank op"]
[Site "London"]
[Date "1987.??.??"]
[Round "10"]
[White "Lalic, Susan"]
[Black "Zsinka, Laszlo"]
[Result "1/2-1/2"]
[WhiteElo "2335"]
[BlackElo "2395"]

1.e4 c5 2.c3 Nf6 3.e5 Nd5 4.d4 cxd4 5.Nf3 e6 6.cxd4 b6 7.Bd3 Bb7 8.O-O Nb4
9.Be2 Be4 10.Nc3 Bc2 11.Qd2 Bg6 12.a3 Nd5 13.Nxd5 exd5 14.Qe3 Nc6 15.Qb3 Be4
16.Be3 Na5 17.Qa2 Nc4 18.Nd2 Nxd2 19.Bxd2 Rc8 20.Rac1 Rxc1  1/2-1/2

[Event "Lugano op"]
[Site "Lugano"]
[Date "1987.??.??"]
[Round "?"]
[White "Schmittdiel, Eckhard"]
[Black "Gutman, Lev"]
[Result "1-0"]
[WhiteElo "2430"]
[BlackElo "2530"]

1.e4 c5 2.c3 Nf6 3.e5 Nd5 4.d4 cxd4 5.Nf3 Nc6 6.Bc4 Nb6 7.Bb3 d6 8.exd6 Qxd6
9.O-O d3 10.Na3 Bf5 11.Nb5 Qd7 12.Bf4 Rc8 13.Nxa7 Nxa7 14.Ne5 Qb5 15.Nxf7 Rc4
16.a4 Qc6 17.Ne5 Qc5 18.a5 Rxf4 19.axb6 Qxb6 20.Ba4+ Kd8 21.g3 Re4 22.Qxd3+ Kc8
23.Bd7+ Kb8 24.Nf7 e6 25.Nxh8 Bc5 26.Qd2 h6 27.b4 Be7 28.Rfe1 Bg5 29.Qa2 Rxe1+
30.Rxe1 Bf6 31.Bxe6 Bxc3 32.Bxf5 Bxe1 33.Qg8+  1-0

[Event "Malaga"]
[Site "Malaga"]
[Date "1987.??.??"]
[Round "?"]
[White "Talavera, JC."]
[Black "Bellon Lopez, Juan Manuel"]
[Result "0-1"]
[WhiteElo "2385"]
[BlackElo "2370"]

1.e4 c5 2.c3 Nf6 3.e5 Nd5 4.d4 cxd4 5.cxd4 e6 6.Nf3 b6 7.Nc3 Nxc3 8.bxc3 Qc7
9.Bb2 Bb7 10.Bd3 d6 11.exd6 Bxd6 12.O-O Nd7 13.c4 O-O 14.Re1 g6 15.h4 a6
16.Rc1 Rfe8 17.Ng5 Bh2+ 18.Kf1 Bf4 19.Rc3 Bxg5 20.hxg5 Qf4 21.Bc2 Qxg5 22.Rg3 Qa5
23.Qc1 Rac8 24.Bb3 b5 25.c5 Bd5 26.Rh3 Nf8 27.Qh6 Bxg2+ 28.Kxg2 Qxe1 29.Re3 Qb1
30.Bc3 f6 31.d5 Qf5 32.dxe6 Nxe6 33.Qh4 Rxc5 34.Qd4 Rc4 35.Bxc4 bxc4 36.Qxc4 Kf7
37.Rf3 Qg5+ 38.Kh2 f5 39.Bb2 Qh5+ 40.Kg2 Qg5+ 41.Rg3 Qd2 42.Rb3 Re7 43.Rb8 Qf4
44.Qb3 Qg4+ 45.Kh2 Qe2 46.Kg2 Qd3 47.Bc3 g5 48.Kg1 Kg6 49.Rc8 Nf4 50.Rg8+ Kh5
51.Bb4 Qxb3  0-1

[Event "Malaga"]
[Site "Malaga"]
[Date "1987.??.??"]
[Round "?"]
[White "Talavera, JC."]
[Black "Giorgadze, Tamaz"]
[Result "0-1"]
[WhiteElo "2385"]
[BlackElo "2505"]

1.e4 c5 2.c3 Nf6 3.e5 Nd5 4.d4 cxd4 5.cxd4 d6 6.Nf3 Nc6 7.Bc4 Nb6 8.Bb5 dxe5
9.Nxe5 Bd7 10.Bxc6 Bxc6 11.Nxc6 bxc6 12.O-O g6 13.Re1 Bg7 14.Bg5 Nc8 15.Nc3 O-O
16.Qf3 Rb8 17.Rad1 Rxb2 18.Qxc6 Bxd4 19.Bh6 Bxf2+ 20.Kh1 Qe8 21.Qc7 Bxe1
22.Bxf8 Rd2 23.Bh6 Rxd1 24.Nxd1 Bh4 25.Ne3 Nd6 26.Qxa7 Bf2 27.Qa3 Bxe3 28.Bxe3 Nc4
29.Qc5 Nxe3 30.Qxe3  0-1

[Event "Malaga"]
[Site "Malaga"]
[Date "1987.??.??"]
[Round "?"]
[White "Rodriguez, Amador"]
[Black "Talavera, JC."]
[Result "0-1"]
[WhiteElo "2560"]
[BlackElo "2385"]

1.e4 c5 2.c3 Nf6 3.e5 Nd5 4.d4 cxd4 5.Nf3 Nc6 6.Bc4 Nb6 7.Bb3 d6 8.exd6 e6
9.cxd4 Bxd6 10.O-O O-O 11.Re1 Be7 12.Nc3 Nb4 13.a3 N4d5 14.Qd3 Bd7 15.Bc2 g6
16.Bh6 Re8 17.Ne5 Bf8 18.Qh3 Qe7 19.Bxf8 Rxf8 20.Re4 Rac8 21.Rh4 Nxc3 22.Rxh7 Ne2+
23.Kf1 Qf6 24.Ng4 Qxd4 25.Nh6+ Kxh7 26.Nf5+ Kg8 27.Nxd4 Nxd4 28.Bd3 Kg7 29.Qg3 Nc6
30.h3 Nd5 31.Rd1 Rfd8 32.Bb5 Be8 33.h4 Nf6 34.Rxd8 Rxd8 35.Qc3 e5 36.Bxc6 Bxc6
37.Qxe5 Rd5 38.Qc3 Rh5 39.Kg1 Rxh4 40.f3 Rh5 41.g4 Rd5 42.Kf2 a6 43.Kg3 g5
44.b3 Kg6 45.Qc2+ Kh6 46.a4 Rd4  0-1

[Event "Medellin"]
[Site "Medellin"]
[Date "1987.??.??"]
[Round "?"]
[White "Castro Rojas, Oscar Humberto"]
[Black "Henao, Raul Fernando"]
[Result "1/2-1/2"]
[WhiteElo "2365"]
[BlackElo "2320"]

1.e4 c5 2.c3 Nf6 3.e5 Nd5 4.d4 cxd4 5.Qxd4 e6 6.Nf3 Nc6 7.Qe4 d6 8.c4 Nde7
9.exd6 Nf5 10.c5 Qa5+ 11.b4 Qxb4+ 12.Qxb4 Nxb4 13.g4 Nh6 14.Ne5 Bd7 15.Na3 Rc8
16.Rb1 Rxc5 17.Nxd7 Kxd7 18.Bxh6 Bxd6 19.Be3 Ra5 20.Nc4 Rxa2 21.Nxd6 Nc2+
22.Kd1 Nxe3+ 23.fxe3 Kxd6 24.Rxb7 Ke5 25.Bd3 Rd8 26.Rb5+ Kf6 27.Rf1+ Ke7
28.Rb3 Rxh2 29.Rf4 Rd7 30.Ra4 Rg2 31.Ke1 Rc7 32.Kf1 Rh2 33.Rc4 Rd7 34.Rc2 Rxc2
35.Bxc2 Kf6 36.Rb5 h6 37.Ke2 g6 38.Be4 Ke7 39.Ra5 Kf6 40.Kf3 Rc7 41.Kf4 Rd7
42.Rc5 Re7 43.Rc8 Rd7 44.Bf3 Re7 45.Bc6 a5 46.Ra8 Rc7 47.Ra6 Rc8 48.Kf3 Rc7
49.Ke4 Rc8 50.Kd4 Rd8+ 51.Kc4 Rd6 52.e4 Ke5 53.Rxa5+ Kf4 54.Be8 Kxe4 55.Bxf7 Kf4
56.Ra4 e5 57.Bd5 Kg5 58.Kc5 Rf6 59.Re4  1/2-1/2

[Event "Medellin"]
[Site "Medellin"]
[Date "1987.??.??"]
[Round "?"]
[White "Castro Rojas, Oscar Humberto"]
[Black "Alzate, Dario"]
[Result "1/2-1/2"]
[WhiteElo "2365"]
[BlackElo "2365"]

1.e4 c5 2.c3 Nf6 3.e5 Nd5 4.d4 cxd4 5.Qxd4 e6 6.Nf3 Nc6 7.Qe4 Qc7 8.Bc4 Nde7
9.Bf4 Ng6 10.Bg3 d5 11.exd6 Bxd6 12.Nbd2  1/2-1/2